000 00301nam a22001217a 4500
008 180917b xxu||||| |||| 00| 0 eng d
041 _aeng
080 _a610
100 _a3
101 _aSHM
245 _aMayo Clinic Guide To Preventing Treating Osteopsorosis
_cClarke.B
942 _2udc
_cBK
999 _c47852
_d47852